000 02165nam0a2200385 4500
001 RU\NLR\bibl\895485
005 20250614174216.0
010 _a5-93160-072-8
_bв обл.
_9100
021 _aRU
_b2005-70051
_93449
035 _a(nilc)RSL-KNO-002764707
035 _a(NLR Aleph) 000883953
090 _a1676451
_c1676451
100 _a20051031d2003 |||y0rusy50 ca
101 0 _arus
102 _aRU
105 _ay |||||||||
106 _ar
200 1 _aИсполнение предварительного заключения под стражу в следственных изоляторах Министерства юстиции Российской Федерации
_eучебное пособие
_e[для преподавателей, курсантов и слушателей вузов МВД РФ, студентов юридических образовательных учреждений]
_fА.В. Тиканов
_gМ-во внутр. дел России, Тюм. юрид. ин-т
210 _aТюмень
_cОрг.-науч. и ред. изд. отд. Тюмен. юрид. ин-т
_d2003
_gРизограф ин-та
215 _a75 с.
_d20
300 _aВ вып. дан. авт.: Тиканов А.В. к.ю.н.
320 _aБиблиогр.: с. 72-75 и в подстроч. примеч.
606 1 _aЗаключение под стражу
_jУчебные издания для высших учебных заведений
_yРоссийская Федерация
_92267414
_3RU\NLR\auth\661359148
610 0 _aГосударство и право. Юридические науки -- Уголовный процесс -- Российская Федерация -- Меры пресечения -- Учебник для высшей школы
686 _aХ629.35я73-1
_2rubbk
686 _aХ629.35я73
700 1 _aТиканов
_bА. В.
_gАндрей Витальевич
_4070
801 0 _aRU
_bRuMoRKP
_c20051031
_grcr
801 1 _aRU
_bRuMoRGB
_c20051031
801 2 _aRU
_bNLR
_c20060111
_grcr
830 _aАвт. по кн.
942 _cBOOK
980 _aNB
980 _aNBR